Catalog

Record Details

Catalog Search



Betreuung Sterbender  Cover Image Book Book

Betreuung Sterbender / Kay Blumenthal-Barby

Record details

  • Physical Description: 192 S.
  • Edition: 3. Aufl.
  • Publisher: Berlin VEB Verlag Volk und Gesundheit 1987

Available copies

  • 1 of 1 copy available at Common Catalog SPOK.

Holds

  • 0 current holds with 1 total copy.
Show All Copies
Location Call Number / Copy Notes Barcode Shelving Location Status Due Date
ETS Library 306.9 424470001252 Volný výběr Available -

LDR 00626nam a2 00241
00138494
003CZ-PrJAB
00520030307000000.0
008010801s1987 xr e |||| |ger
009ge
035 . ‡a(CONS)648
035 . ‡aKPS9004
040 . ‡aABG450
041 . ‡ager
08214. ‡a306.9
100 . ‡72637 ‡aBlumenthal-Barby, Kay
245 . ‡aBetreuung Sterbender / ‡cKay Blumenthal-Barby
250 . ‡a3. Aufl.
260 . ‡aBerlin ‡bVEB Verlag Volk und Gesundheit ‡c1987
300 . ‡a192 S.
653 . ‡aBetreuung Sterbender
8524 . ‡bETS ‡bETS ‡cVolný výběr ‡j306.9 ‡gA ‡p424470001252
910 . ‡aABG450
999 . ‡a648 ‡bAUTOGEN ‡c648 ‡tbiblio
905 . ‡uadmin
901 . ‡a38494 ‡b ‡c38494 ‡tbiblio ‡sets

Additional Resources